• 首页
  • 本馆介绍
  • 公告通知
  • 最新文献
  • 馆藏检索
  • 电子资源
  • 读者导购
  • 参考咨询
  • 我的图书馆
  • 登录
  • 详细信息显示
  • 放入我的书架
  • 预约/预借图书
  • 作者相关作品
  • 分类相关作品
  • 丛书相关作品
  • 出版社相关作品

书目信息

  • 表格格式
  • 工作单格式
  • 卡片格式
题名:
明代版刻综录
    
 
作者: 杜信孚 纂
分册: 第八册  
出版信息: 广陵   江苏广陵古籍刻印社  1983
页数: 全一册
开本: 20*12cm
丛书名:
单 册:
中图分类: Z832
科图分类:
主题词: 目录--类型
电子资源:
ISBN:
000 00612nam0 2200205 450
001 0659774609
005 20061023164351.84
010    @b线装@dCNY52.00
100    @a20061023d1983 km y0chiy0120 ea
101 0  @achi
200 1  @a明代版刻综录@h第八册@Aming dai ban ke zong lu@f杜信孚纂@Fdu xin fu zuan
210    @a广陵@c江苏广陵古籍刻印社@d1983
215    @a全一册@d20*12cm
300    @a第一至第八册为一函,共一函,附书名索引一卷
305    @a本书为江苏广陵古籍刻印社本,线装
606 0  @a目录@x类型
690    @aZ832@v3
701  0 @a杜信孚@Adu xin fu@4纂
801  0 @aCN@bPFT@c20061023
905    @a10447@dZ832@e11:8
    
    明代版刻综录.第八册/杜信孚纂.-广陵:江苏广陵古籍刻印社,1983
    全一册;20*12cm
    第一至第八册为一函,共一函,附书名索引一卷
    
    ISBN (线装):CNY52.00
    
●
相关链接 在E读中查询图书 在五车中查询图书 在当当中查询图书 在豆瓣中查询图书


正题名:明代版刻综录     索取号:Z832/11:8         预约/预借

序号 登录号 条形码 馆藏地/架位号 状态 备注
1 0222938   202374340   古籍典藏专区/ [索取号:Z832/11:8] 在馆    
欢迎您!
大连网信软件有限公司© 版权所有